000 00601nam a2200145Ia 4500
008 220216s9999 xx 000 0 und d
100 _aMohamed P K
245 0 _aComparative study of the energy consumption and vulcanisate properties of ISNR-20 and RMA-4 in truck tyre ply skim and tread cap compounds
260 _bNatural Rubber: Current Developments in Product Manufacture and Applications: Proceedings of the International Rubber Technology Conferencce, Kuala Lumpur, 1993; p267-275
650 _aTyre
700 _aFrancis J
700 _aJoseph Dennis
700 _aVarkey T D
942 _cJS
999 _c55964
_d55964